Saffron condition: politics of repression and exclusion in neoliberal India (Record no. 7798)

MARC details
000 -LEADER
fixed length control field 00500nam a2200169Ia 4500
020 ## - INTERNATIONAL STANDARD BOOK NUMBER
ISBN 9788188789757
082 ## - DEWEY DECIMAL CLASSIFICATION NUMBER
Classification number 320.954 GAT-S
100 ## - MAIN ENTRY--AUTHOR NAME
Personal name Gatade, Subhash
245 #0 - TITLE STATEMENT
Title Saffron condition: politics of repression and exclusion in neoliberal India
260 ## - PUBLICATION, DISTRIBUTION, ETC. (IMPRINT)
Place of publication New Delhi
Name of publisher Three Essays Collective
Year of publication 2011
300 ## - PHYSICAL DESCRIPTION
Number of Pages x, 475
504 ## - BIBLIOGRAPHY, ETC. NOTE
Bibliography, etc includes index
650 ## - SUBJECT ADDED ENTRY--TOPICAL TERM
Topical Term India
Form subdivision Politics and Government
650 ## - SUBJECT ADDED ENTRY--TOPICAL TERM
Topical Term Political Parties
Geographic subdivision India
650 ## - SUBJECT ADDED ENTRY--TOPICAL TERM
Topical Term Religion and politics
Geographic subdivision India
942 ## - ADDED ENTRY ELEMENTS (KOHA)
Koha item type Books
Holdings
Withdrawn status Lost status Damaged status Not for loan Home library Current library Date acquired Source of acquisition Bill Date Full call number Accession Number Price effective from Koha item type
        NASSDOC Library NASSDOC Library 31/03/2012 SAMS 2012-03-28 320.954 GAT-S 47508 18/04/2019 Books